000 00615nam a2200217Ia 4500
003 GCL
008 140319s9999 xx 000 0 ara d
040 _aGCL /
_cGCL
082 0 4 _aق
_b962.03
_bم ت
100 1 _aمحمد شفيق غربال
245 1 0 _aتكوين مصر /
_cمحمد شفيق غربال
300 _a103 ص
490 _a
650 0 4 _aمصر
650 0 4 _aتاريخ
650 0 4 _aمصر القديمة
650 0 4 _aالمجتمع المصرى
650 0 4 _aالعصر اليونانى
650 0 4 _aمصر - تاريخ - العصر الحديث (1805 - 1956 )
942 _2ddc
_cBK
999 _c39278
_d39278